Noticias americanas: entretenimientos phisicos-históricos sobre la América meridional, y la septentrianal oriental
Furkejuvvon:
| Váldodahkki: | |
|---|---|
| Materiálatiipa: | Girji |
| Giella: | espánnjágiella |
| Almmustuhtton: |
Madrid
Francisco Manuel de Mena
1772
|
| Fáttát: | |
| Fáddágilkorat: |
Lasit fáddágilkoriid
Eai fáddágilkorat, Lasit vuosttaš fáddágilkora!
|
MARC
| LEADER | 00000nam a2200000 a 4500 | ||
|---|---|---|---|
| 001 | UCH2181 | ||
| 003 | CL-VaPUC | ||
| 008 | 090604e17720000SP |||||||||||||||||spa|d | ||
| 082 | 0 | 4 | |a 911.8 |b ULL |2 21 |
| 100 | 0 | |a Ulloa, Antonio de |e author |9 432277 | |
| 245 | 1 | 0 | |a Noticias americanas: entretenimientos phisicos-históricos sobre la América meridional, y la septentrianal oriental |
| 300 | |a 407 p | ||
| 942 | |c BK | ||
| 945 | |d 20090604 00:00:00 |a rbrito | ||
| 260 | |a Madrid |b Francisco Manuel de Mena |c 1772 | ||
| 650 | 0 | |a Geografía |9 259346 | |
| 651 | 0 | |a América Latina |9 255027 | |
| 583 | |a last modification |c 20090604 00:00:00 |k Rodrigo Vera | ||
| 999 | |c 333969 |d 333967 | ||
| 952 | |0 0 |1 0 |4 0 |6 911_800000000000000_ULL_1772 |7 0 |8 X |9 422665 |a FDOBUD |b FDOBUD |d 2019-11-22 |i 4557026 |o 911.8 ULL 1772 |p 4557026 |r 2019-11-22 |w 2019-11-22 |y BK_X |k BUD | ||